000 00400nam a22001577a 4500
999 _c9067
_d9067
003 OSt
008 200715b ||||| |||| 00| 0 eng d
020 _a9788196396138
100 _aSaraf , Swarnalata and Kapoor,Shweta
245 _aCosmetic Legislation
250 _a2018
260 _aNew Delhi
_bNirali
300 _aPg-10.16
650 _aPharmaceutical Dosage form /Cosmetic
942 _2ddc
_cBK